00323pab a2200121 454500008004000000100001800040245005300058260000900111300001400120362001100134650001400145773004200159180718b2007 xxu||||| |||| 00| 0 eng d aKramer, Brent aParticipatory learning in introductory economics c2007 ap.322-28. aSummer aEconomics aReview of Radical Political Economics